Jaderná energie = Nuclear energy

Salvato in:
Dettagli Bibliografici
Natura: Periodico
Pubblicazione: 1986
Tags: Aggiungi Tag
Nessun Tag, puoi essere il primo ad aggiungerne!!

MARC

LEADER 00000nas a22000003a 4500
001 stu61604
005 20141122004118.3
008 011106s1986----------------------------d
040 |a STU  |b slo 
041 0
245 |a Jaderná energie = Nuclear energy 
260 |c 1986 
500 |a 1986 
500 |a c-2865 
500 |a 1-12 
500 |a c-2850 
500 |a 12 
773 0 |t Jaderná energie = Nuclear energy  |w stu_us_cat*stu59211  |x 0448-116X  |7 nnas 
996 |c c-2865  |d Roč. 32, 1986  |v Roč. 32  |y 1986  |l EE15  |s P  |a 0  |w stu61604_0002